| 000 | 00997nam a2200265 i 4500 | ||
|---|---|---|---|
| 001 | 165168 | ||
| 003 | ES-MaACL | ||
| 005 | 20250729085454.0 | ||
| 008 | 931025s1794 sp |||| | lat d | ||
| 040 |
_aCARM _bspa _cPAB |
||
| 100 | 1 |
_aSelvaggio, Giulio Lorenzo. _9105360 |
|
| 245 | 1 | 0 |
_aInstitutionum Canonicarum libri tres _b: ad usum Seminarii Neapolitani / _cauctore Julio Laurentio Selvagio... ; tomus II, liber II. |
| 250 | _aEditio tertia matritensis. | ||
| 260 |
_a[Matriti] : _bapud Placidum Barco Lopez ..., _c1794. |
||
| 300 |
_a[6], 266 p. ; _c4\pa\s. |
||
| 595 | 1 | _aDatos de ed. preceden a "tomus II" | |
| 596 | 1 | _aMarca tip. en port. (Vindel, 656) | |
| 597 | 1 | _aSign. : [ ]\p4\s, A-Z\p4\s, 2A-2K\p4\s. | |
| 597 | 1 | _aAntep. | |
| 650 | 7 |
_aDerecho canónico _2embne _911655 |
|
| 700 | 1 | 1 |
_aBarco López, Plácido, _eimp. _9125813 |
| 752 |
_aEspaña - _d, Madrid |
||
| 852 |
_aES-MaACL _jR-324(1) _z-- Enc. pasta española _x-- Olim: B-341 |
||
| 999 |
_c165168 _d165168 |
||